| 000 | 00406cam a2200157ua 4500 | ||
|---|---|---|---|
| 003 | OSt | ||
| 008 | 241030b |||||||| |||| 00| 0 eng d | ||
| 041 | _aeng | ||
| 082 |
_a621.47 _bARM/EN |
||
| 100 |
_aArmstrong, Fraser . _96341 |
||
| 245 | _aEnergy... beyond oil / | ||
| 260 |
_aNew York : _bOxford University Press , _c2007. |
||
| 300 | _a ; . | ||
| 700 | 1 |
_aBlundell, Katherine . _96342 |
|
| 942 | _cBK | ||
| 999 |
_c13503 _d13503 |
||